Antropologické zhodnotenie dvoch kostier zo sídliskovej jamy v Prešove

Bibliographic Details
Main Author: Jakab, Július, 1948- (Author)
Format: Article
Language:Slovak
PhysicalDescription:Res. nem.
Subjects:

MARC

LEADER 00000nab a2200000 a 4500
001 vtls000487564
003 SK-MaSNL
005 20260303102040.0
008 230120c1991 xo 0 slo
015 |a SNBRA19rr/mm-uuuuu 
035 |a CL0487701 
035 |a urn:nbn:sk:snk-abbyh 
035 |a (urnnbn)urn:nbn:sk:snk:ar-a04dvb 
035 |a (uuid)a6ccc42a-e3a0-4275-9a51-3219e532b894 
040 |a SNKBUCL  |b slo  |c SNKBUCL  |e AACR2 
041 0 |a slo 
044 |a xo  |c SK 
080 |a 903.5"6387":902  |2 1981 
080 |a 902  |2 1981 
100 1 |a Jakab, Július,  |d 1948-  |4 aut  |9 102643 
245 1 0 |a Antropologické zhodnotenie dvoch kostier zo sídliskovej jamy v Prešove  |c Július Jakab 
300 |b Res. nem. 
650 0 7 |a zvyšky kostrové ľudské  |2 snkbucl  |9 1114681 
650 0 7 |a doba laténska  |2 snkbucl  |9 71483 
650 0 7 |a archeologické nálezy  |2 snkbucl  |9 4975 
651 7 |a Prešov (Slovensko)  |2 snkbucl  |9 17347 
655 7 |a články zo zborníkov  |2 snkbucl  |9 166140 
773 0 |t Archeologické výskumy a nálezy na Slovensku v roku 1989  |d Nitra : AÚ SAV v Nitre, 1991  |g S. 46-47 
850 |a Slovenská národná knižnica v Martine  |a MTA001 
852 |a SNK  |b KIS3GCP 
954 |a odborná, vedecká literatúra pôvodná (slovenská)  |2 lita 
957 |a 5407 
958 |a RK 
958 |a OND 
958 |a EUIPO 
958 |a article27 
992 |a RZB 
999 |c 1840802  |d 1842732